Compendio elemental de Arqueología / (Record no. 41722)

MARC details
000 -LEADER
campo de control de longitud fija 00766nam a2200217 i 4500
001 - NÚMERO DE CONTROL
campo de control 41722
003 - IDENTIFICADOR DE NÚMERO DE CONTROL
campo de control ES-MaACL
005 - FECHA Y HORA DE LA ÚLTIMA TRANSACCIÓN
campo de control 20250809151040.0
007 - CAMPO FIJO DE DESCRIPCIÓN FÍSICA--INFORMACIÓN GENERAL
campo de control de longitud fija t|
008 - DATOS DE LONGITUD FIJA--INFORMACIÓN GENERAL
campo de control de longitud fija 030311s1844 sp |||| | spa d
100 1# - ENTRADA PRINCIPAL--NOMBRE DE PERSONA
Nombre de persona Castellanos de Losada, Basilio Sebastián,
Fechas asociadas al nombre 1807-1891
9 (RLIN) 36540
245 10 - MENCIÓN DEL TÍTULO
Título Compendio elemental de Arqueología /
Mención de responsabilidad, etc. Basilio Sebastián Castellanos de Losada.
260 ## - PUBLICACIÓN, DISTRIBUCIÓN, ETC.
Lugar de publicación, distribución, etc. Madrid :
Nombre del editor, distribuidor, etc. [s.n.],
Fecha de publicación, distribución, etc. 1844 (
Fabricante Imp. Vicente Lalama)
300 ## - DESCRIPCIÓN FÍSICA
Extensión 3 v. ;
Dimensiones 14 cm.
595 ## -
-- Disponible en formato digital.
650 #7 - PUNTO DE ACCESO ADICIONAL DE MATERIA--TÉRMINO DE MATERIA
Término de materia o nombre geográfico como elemento de entrada Arqueología
Fuente del encabezamiento o término embne
9 (RLIN) 9975
852 ## - LOCALIZACIÓN
Ubicación ES-MaACL
Número de control de estantería G-3535-37
852 ## - LOCALIZACIÓN
Ubicación ES-MaACL
Número de control de estantería D-4015-16
856 ## - LOCALIZACIÓN Y ACCESO ELECTRÓNICOS
Identificador Uniforme de Recursos <a href="http://bdh-rd.bne.es/viewer.vm?id=0000013255&page=1 ">http://bdh-rd.bne.es/viewer.vm?id=0000013255&page=1 </a>
Nota pública Biblioteca Digital Hispánica
Holdings
Estatus retirado Estado de pérdida Estado de daño No para préstamo Colección Biblioteca de origen Biblioteca actual Ubicación en estantería Fecha de adquisición Fuente de adquisición Total de préstamos Signatura topográfica completa Código de barras Visto por última vez Precio de reemplazo Tipo de ítem Koha
        Colección digital Biblioteca del Ateneo de Madrid Biblioteca del Ateneo de Madrid Sala Valle Inclán 17/01/2008     D-4015-16 901043923 23/02/2023 23/02/2023 Libro impreso antiguo
        Colección digital Biblioteca del Ateneo de Madrid Biblioteca del Ateneo de Madrid Depósito 2 17/01/2008     G-3535-37 1043922 23/02/2023 23/02/2023 Libro impreso antiguo